الرد البرهاني في الإنتصار للعلامة المحدث محمد ناصر الدين الألباني / (رقم التسجيلة. 60875)

تفاصيل مارك
000 -الفاتح
عناصر البيانات ثابتة الطول 00783cam a2200181 i 4500
005 - تاريخ ووقت آخر معاملة
حقل ضبط 20251228122240.0
008 - عناصر البيانات ثابتة الطول
عناصر البيانات ثابتة الطول 250721s2002 ts gr 000 0 ara d
082 14 - رقم تصنيف ديوي العشري
رقم التصنيف 218.6
رقم المادة س ل ف
100 1# - مدخل رئيسي – اسم شخصي
الاسم الشخصي السلفي، علي بن حسن بن علي الحلبي
علاقة الشخص بالعمل/ دوره مؤلف.
245 12 - بيان العنوان
العنوان الرد البرهاني في الإنتصار للعلامة المحدث محمد ناصر الدين الألباني /
بيان المسؤولية كتبه الراجي عفو ربه العلي علي بن حسن بن علي الحلبي الأثري.
264 31 - بيانات النشر، التوزيع…إلخ
مكان النشر، التوزيع...إلخ عجمان :
اسم الناشر، الموزع...إلخ مكتبة الفرقان،
تاريخ النشر، التوزيع...إلخ 2002.
300 ## - الوصف المادي
عدد الوحدات المكونة للوعاء 298 صفحة.
650 17 - مدخل إضافي بالموضوع - مصطلح موضوعي
مصطلح موضوعي أو اسم جغرافي كعنصر مدخل العقيدة الدينية.
650 17 - مدخل إضافي بالموضوع - مصطلح موضوعي
مصطلح موضوعي أو اسم جغرافي كعنصر مدخل الإسلام.
650 17 - مدخل إضافي بالموضوع - مصطلح موضوعي
مصطلح موضوعي أو اسم جغرافي كعنصر مدخل دفاع عن مطاعن.
942 ## - بيانات إضافية (كوها)
نوع التنصيف Dewey Decimal Classification
نوع المادة (كوها) كتب
المقتنيات
حالة السحب حالة الفقدان مصدر التصنيف حالة التلف غير قابل للإعارة المكتبة الرئيسية المكتبة الحالية موقع الرف تاريخ التزويد الرقم المتسلسل Total Checkouts رقم الإستدعاء الباركود تاريخ آخر ظهور تاريخ الفاتورة نوع المادة (كوها)
    Dewey Decimal Classification     المكتبة المركزية المكتبة المركزية الإعارة 06/07/2004 539696   218.6 / ا ل ب 539696 28/07/2025 06/07/2004 كتب
    Dewey Decimal Classification     المكتبة المركزية المكتبة المركزية مقتنيات قسم التزويد 28/07/2025 1454992   218.6/الب   28/07/2025 28/07/2025 كتب
    Dewey Decimal Classification     مكتبة أم قصير والمقابلين العامة مكتبة أم قصير والمقابلين العامة الإعارة 06/07/2004 539711   218.6/الب 539711 28/07/2025 06/07/2004 كتب
    Dewey Decimal Classification     مكتبة الأميرة سلمى مكتبة الأميرة سلمى الإعارة 12/07/2015 1469614   218.6/الب PLD00337542 28/07/2025 12/07/2015 كتب
    Dewey Decimal Classification Unchecked   مكتبة الاميرة بديعة مكتبة الاميرة بديعة الإعارة 06/07/2004 539706   218.6/الب   28/07/2025 06/07/2004 كتب
    Dewey Decimal Classification     مكتبة الجويدة مكتبة الجويدة الإعارة 28/07/2025 539707   218.6/الب 539707 28/07/2025 28/07/2025 كتب
    Dewey Decimal Classification Unchecked   مكتبة الحسن العامة مكتبة الحسن العامة الإعارة 06/07/2004 539708   218.6/الب   28/07/2025 06/07/2004 كتب
    Dewey Decimal Classification     مكتبة النصر العامة مكتبة النصر العامة الإعارة 28/07/2025 539714   218.6/الب 539714 28/07/2025 28/07/2025 كتب
    Dewey Decimal Classification     مكتبة حمزة العامة مكتبة حمزة العامة الإعارة 06/07/2004 539709   218.6/الب 539709 28/07/2025 06/07/2004 كتب
    Dewey Decimal Classification     مكتبة صويلح العامة مكتبة صويلح العامة الإعارة 06/07/2004 539704   218.6/الب 539704 28/07/2025 06/07/2004 كتب
Implemented & Customized by: BBB with SCIT (Smart Chains for Information Technology)

Powered by Koha